Bài giảng nhiên liệu dầu mỡ

Kaydedildi:
Detaylı Bibliyografya
Yazar: Nguyễn, Quan Thanh
Materyal Türü: Kitap
Dil:Undetermined
Baskı/Yayın Bilgisi: Cần Thơ Trường Đại học Cần Thơ - Khoa Công nghệ 2000
Konular:
Etiketler: Etiketle
Etiket eklenmemiş, İlk siz ekleyin!
Thư viện lưu trữ: Trung tâm Học liệu Trường Đại học Cần Thơ
LEADER 00673nam a2200193Ia 4500
001 CTU_43853
008 210402s9999 xx 000 0 und d
082 |a 665.538 
082 |b Th107 
100 |a Nguyễn, Quan Thanh 
245 0 |a Bài giảng nhiên liệu dầu mỡ 
245 0 |c Nguyễn Quan Thanh, Trương Văn Thảo 
260 |a Cần Thơ 
260 |b Trường Đại học Cần Thơ - Khoa Công nghệ 
260 |c 2000 
526 |a Thực tập sửa chữa động cơ 
526 |b CN573 
650 |a Oils and fats - fuel - outlines, syllabi, etc 
980 |a Trung tâm Học liệu Trường Đại học Cần Thơ